000
00279nam a2200097Ia 4500
008
171211s9999 xx 000 0 und d
245
_a
Torpedo: The Complete History of the World's Most Revolutionary Weapon
245
_c
Roger Branfill-Cook
260
_c
2014
650
_x
Military
999
_c
348317
_d
348317